Environment, health and sustainable development / (Record no. 328442)

000 -LEADER
fixed length control field 01287cam a22003617a 4500
001 - CONTROL NUMBER
control field 14665053
003 - CONTROL NUMBER IDENTIFIER
control field Nust
005 - DATE AND TIME OF LATEST TRANSACTION
control field 20170407112030.0
008 - FIXED-LENGTH DATA ELEMENTS--GENERAL INFORMATION
fixed length control field 061211s2006 enka b 001 0 eng
010 ## - LIBRARY OF CONGRESS CONTROL NUMBER
LC control number 2006491874
016 7# - NATIONAL BIBLIOGRAPHIC AGENCY CONTROL NUMBER
Record control number 013371262
Source Uk
020 ## - INTERNATIONAL STANDARD BOOK NUMBER
International Standard Book Number 9780335218417 (pbk.)
020 ## - INTERNATIONAL STANDARD BOOK NUMBER
International Standard Book Number 0335218415 (pbk.)
035 ## - SYSTEM CONTROL NUMBER
System control number (CStRLIN)NYUGB13303991-B
035 ## - SYSTEM CONTROL NUMBER
System control number (NNU)NYUb13303991
035 ## - SYSTEM CONTROL NUMBER
System control number (NYU)NYUb13303991
035 ## - SYSTEM CONTROL NUMBER
System control number (OCoLC)ocm62796804
040 ## - CATALOGING SOURCE
Original cataloging agency UKM
Transcribing agency UKM
Modifying agency BAKER
-- NNU
-- DLC
042 ## - AUTHENTICATION CODE
Authentication code lccopycat
050 00 - LIBRARY OF CONGRESS CALL NUMBER
Item number .L36 2006
082 04 - DEWEY DECIMAL CLASSIFICATION NUMBER
Classification number 362.1 LAN
Edition number 22
100 1# - MAIN ENTRY--PERSONAL NAME
Personal name Landon, Megan.
245 10 - TITLE STATEMENT
Title Environment, health and sustainable development /
Statement of responsibility, etc. Megan Landon.
260 ## - PUBLICATION, DISTRIBUTION, ETC.
Place of publication, distribution, etc. Maidenhead :
Name of publisher, distributor, etc. Open University Press,
Date of publication, distribution, etc. 2006.
300 ## - PHYSICAL DESCRIPTION
Extent xiii, 221 p. :
Other physical details ill. ;
Dimensions 24 cm.
440 #0 - SERIES STATEMENT/ADDED ENTRY--TITLE
Title Understanding public health
500 ## - GENERAL NOTE
General note P.B
504 ## - BIBLIOGRAPHY, ETC. NOTE
Bibliography, etc. note Includes bibliographical references and index.
505 0# - FORMATTED CONTENTS NOTE
Formatted contents note Health and the environment -- Environmental quality -- Global issues.
650 #0 - SUBJECT ADDED ENTRY--TOPICAL TERM
Topical term or geographic name entry element Environmental health.
650 #0 - SUBJECT ADDED ENTRY--TOPICAL TERM
Topical term or geographic name entry element Sustainable development.
906 ## - LOCAL DATA ELEMENT F, LDF (RLIN)
a 7
b cbc
c copycat
d 2
e ncip
f 20
g y-gencatlg
942 ## - ADDED ENTRY ELEMENTS (KOHA)
Source of classification or shelving scheme
Koha item type Book
Call number prefix 362.1 LAN
Holdings
Withdrawn status Lost status Source of classification or shelving scheme Damaged status Not for loan Collection code Permanent Location Current Location Shelving location Date acquired Total Checkouts Full call number Barcode Date last seen Price effective from Koha item type
            Institute of Environmental Science and Engineering (IESE) Institute of Environmental Science and Engineering (IESE) General Stacks 04/07/2017   362.1 LAN IESE-1283 04/07/2017 04/07/2017 Book
© 2023 Central Library, National University of Sciences and Technology. All Rights Reserved.